[Event "2020 Australian Chess Championship"]
[Site "Sydney, Australia"]
[Date "2020.01.02"]
[Round "1.2"]
[White "O`chee, Kevin"]
[Black "Ikeda, Junta"]
[Result "0-1"]
[WhiteElo "2156"]
[BlackElo "2438"]

1. c4 {[%clk 01:30:43]} {[%emt 00:00:16]} g6 {[%clk 01:30:46]} {[%emt
00:00:15]} 2. Nc3 {[%clk 01:30:53]} {[%emt 00:00:20]} Bg7 {[%clk 01:31:12]}
{[%emt 00:00:04]} 3. d4 {[%clk 01:31:08]} {[%emt 00:00:15]} d6 {[%clk
01:31:20]} {[%emt 00:00:22]} 4. e4 {[%clk 01:30:35]} {[%emt 00:01:03]} e5
{[%clk 01:31:20]} {[%emt 00:00:31]} 5. Nf3 {[%clk 01:29:11]} {[%emt 00:01:54]}
Nc6 {[%clk 01:31:29]} {[%emt 00:00:21]} 6. d5 {[%clk 01:28:37]} {[%emt
00:01:05]} Nd4 {[%clk 01:31:38]} {[%emt 00:00:22]} 7. Nxd4 {[%clk 01:26:46]}
{[%emt 00:02:20]} exd4 {[%clk 01:31:54]} {[%emt 00:00:14]} 8. Nb5 {[%clk
01:26:41]} {[%emt 00:00:34]} a6 {[%clk 01:31:37]} {[%emt 00:00:47]} 9. Nxd4
{[%clk 01:26:01]} {[%emt 00:01:09]} Qh4 {[%clk 01:32:02]} {[%emt 00:00:05]} 10.
Qd3 {[%clk 01:20:49]} {[%emt 00:05:41]} Nf6 {[%clk 01:30:01]} {[%emt 00:02:32]}
11. Be2 {[%clk 01:15:04]} {[%emt 00:06:16]} Nxe4 {[%clk 01:21:43]} {[%emt
00:08:48]} 12. Be3 {[%clk 01:13:22]} {[%emt 00:02:11]} O-O {[%clk 01:20:32]}
{[%emt 00:01:41]} 13. O-O {[%clk 01:13:18]} {[%emt 00:00:34]} Re8 {[%clk
01:12:46]} {[%emt 00:08:16]} 14. Rae1 {[%clk 01:10:42]} {[%emt 00:03:05]} Bd7
{[%clk 01:02:13]} {[%emt 00:11:04]} 15. Bf3 {[%clk 01:07:52]} {[%emt 00:03:20]}
Nc5 {[%clk 00:50:33]} {[%emt 00:12:10]} 16. Qd2 {[%clk 01:05:50]} {[%emt
00:02:31]} b5 {[%clk 00:47:52]} {[%emt 00:03:12]} 17. b3 {[%clk 01:01:24]}
{[%emt 00:04:56]} b4 {[%clk 00:40:04]} {[%emt 00:08:18]} 18. Rd1 {[%clk
00:59:29]} {[%emt 00:02:24]} a5 {[%clk 00:34:24]} {[%emt 00:06:11]} 19. Nb5
{[%clk 00:56:20]} {[%emt 00:03:39]} Bxb5 {[%clk 00:27:52]} {[%emt 00:07:02]} 20.
Bg5 {[%clk 00:54:37]} {[%emt 00:02:13]} Ne4 {[%clk 00:21:49]} {[%emt 00:06:33]}
21. Bxh4 {[%clk 00:53:45]} {[%emt 00:01:22]} Nxd2 {[%clk 00:22:12]} {[%emt
00:00:08]} 22. Rxd2 {[%clk 00:53:56]} {[%emt 00:00:18]} Bd7 {[%clk 00:22:17]}
{[%emt 00:00:25]} 23. Bg3 {[%clk 00:50:34]} {[%emt 00:03:52]} g5 {[%clk
00:13:24]} {[%emt 00:09:23]} 24. h3 {[%clk 00:44:44]} {[%emt 00:06:20]} Bc3
{[%clk 00:08:22]} {[%emt 00:05:32]} 25. Re2 {[%clk 00:43:09]} {[%emt 00:02:05]}
f5 {[%clk 00:07:31]} {[%emt 00:01:21]} 26. Rxe8+ {[%clk 00:41:04]} {[%emt
00:02:35]} Bxe8 {[%clk 00:07:28]} {[%emt 00:00:34]} 27. h4 {[%clk 00:38:11]}
{[%emt 00:03:22]} h6 {[%clk 00:06:53]} {[%emt 00:01:05]} 28. Bd1 {[%clk
00:37:33]} {[%emt 00:01:07]} f4 {[%clk 00:06:31]} {[%emt 00:00:53]} 29. Bh2
{[%clk 00:37:38]} {[%emt 00:00:25]} Bg6 {[%clk 00:06:28]} {[%emt 00:00:33]} 30.
Bg4 {[%clk 00:37:22]} {[%emt 00:00:45]} a4 {[%clk 00:06:26]} {[%emt 00:00:32]}
31. g3 {[%clk 00:31:49]} {[%emt 00:06:03]} axb3 {[%clk 00:05:18]} {[%emt
00:01:39]} 32. axb3 {[%clk 00:32:09]} {[%emt 00:00:09]} Bc2 {[%clk 00:05:26]}
{[%emt 00:00:22]} 33. hxg5 {[%clk 00:29:42]} {[%emt 00:02:57]} Bxb3 {[%clk
00:04:43]} {[%emt 00:01:13]} 34. Be6+ {[%clk 00:26:43]} {[%emt 00:03:28]} Kg7
{[%clk 00:04:34]} {[%emt 00:00:38]} 35. gxf4 {[%clk 00:21:09]} {[%emt
00:06:04]} Bc2 {[%clk 00:04:39]} {[%emt 00:00:26]} 36. gxh6+ {[%clk 00:20:40]}
{[%emt 00:00:59]} Kxh6 {[%clk 00:04:31]} {[%emt 00:00:39]} 37. f5 {[%clk
00:20:54]} {[%emt 00:00:16]} b3 {[%clk 00:03:01]} {[%emt 00:02:00]} 38. Bf4+
{[%clk 00:21:12]} {[%emt 00:00:12]} Kg7 {[%clk 00:03:13]} {[%emt 00:00:18]} 39.
Bc1 {[%clk 00:19:50]} {[%emt 00:01:52]} Ra1 {[%clk 00:02:32]} {[%emt 00:01:11]}
40. Kh2 {[%clk 00:19:12]} {[%emt 00:01:07]} Be5+ {[%clk 00:01:25]} {[%emt
00:01:38]} 41. Kh3 {[%clk 00:18:40]} {[%emt 00:01:01]} b2 {[%clk 00:24:42]}
{[%emt 00:07:14]} 42. Rg1+ {[%clk 00:48:39]} {[%emt 00:00:31]} Kh7 {[%clk
00:24:46]} {[%emt 00:00:26]} 43. Bg8+ {[%clk 00:48:24]} {[%emt 00:00:45]} Kh8
{[%clk 00:25:12]} {[%emt 00:00:05]} 0-1

[Event "2020 Australian Chess Championship"]
[Site "Sydney, Australia"]
[Date "2020.01.02"]
[Round "1.3"]
[White "Clarke, Brandon G I"]
[Black "Nakauchi, Gene"]
[Result "1-0"]
[WhiteElo "2438"]
[BlackElo "2150"]

1. e4 {[%clk 01:30:56]} {[%emt 00:00:02]} c5 {[%clk 01:30:52]} {[%emt
00:00:09]} 2. Nf3 {[%clk 01:31:15]} {[%emt 00:00:10]} e6 {[%clk 01:31:11]}
{[%emt 00:00:12]} 3. d4 {[%clk 01:31:38]} {[%emt 00:00:06]} cxd4 {[%clk
01:31:32]} {[%emt 00:00:10]} 4. Nxd4 {[%clk 01:32:02]} {[%emt 00:00:06]} a6
{[%clk 01:31:53]} {[%emt 00:00:09]} 5. Bd3 {[%clk 01:32:06]} {[%emt 00:00:25]}
Bc5 {[%clk 01:31:58]} {[%emt 00:00:25]} 6. Nb3 {[%clk 01:33:02]} {[%emt
00:00:05]} Ba7 {[%clk 01:32:35]} {[%emt 00:00:23]} 7. O-O {[%clk 01:33:10]}
{[%emt 00:00:21]} Nc6 {[%clk 01:30:40]} {[%emt 00:02:26]} 8. Qg4 {[%clk
01:33:13]} {[%emt 00:00:26]} Qf6 {[%clk 01:24:12]} {[%emt 00:06:58]} 9. Nc3
{[%clk 01:27:46]} {[%emt 00:05:57]} h5 {[%clk 01:20:48]} {[%emt 00:03:55]} 10.
Qe2 {[%clk 01:25:49]} {[%emt 00:02:27]} Ne5 {[%clk 01:07:44]} {[%emt 00:13:34]}
11. Be3 {[%clk 01:18:04]} {[%emt 00:08:15]} Bxe3 {[%clk 00:59:36]} {[%emt
00:08:38]} 12. Qxe3 {[%clk 01:18:27]} {[%emt 00:00:07]} g5 {[%clk 00:59:32]}
{[%emt 00:00:33]} 13. Na4 {[%clk 01:06:08]} {[%emt 00:12:50]} Ne7 {[%clk
00:47:50]} {[%emt 00:12:12]} 14. Nb6 {[%clk 01:06:06]} {[%emt 00:00:31]} Rb8
{[%clk 00:48:09]} {[%emt 00:00:10]} 15. Nd2 {[%clk 00:58:55]} {[%emt 00:07:42]}
h4 {[%clk 00:36:21]} {[%emt 00:12:18]} 16. Ndc4 {[%clk 00:53:21]} {[%emt
00:06:04]} Nxc4 {[%clk 00:13:48]} {[%emt 00:23:03]} 17. Nxc4 {[%clk 00:53:49]}
{[%emt 00:00:03]} Qf4 {[%clk 00:14:08]} {[%emt 00:00:09]} 18. e5 {[%clk
00:51:08]} {[%emt 00:03:11]} f6 {[%clk 00:00:40]} {[%emt 00:13:59]} 19. exf6
{[%clk 00:37:41]} {[%emt 00:13:56]} Qxf6 {[%clk 00:01:02]} {[%emt 00:00:07]} 20.
f4 {[%clk 00:36:12]} {[%emt 00:01:59]} g4 {[%clk 00:01:15]} {[%emt 00:00:17]}
21. f5 {[%clk 00:27:26]} {[%emt 00:09:16]} exf5 {[%clk 00:00:55]} {[%emt
00:00:51]} 22. Rxf5 {[%clk 00:27:41]} {[%emt 00:00:15]} Qh6 {[%clk 00:01:15]}
{[%emt 00:00:10]} 23. Qe5 {[%clk 00:27:45]} {[%emt 00:00:26]} Kd8 {[%emt
00:02:29]} 24. Nd6 {[%clk 00:25:41]} {[%emt 00:01:14]} Rf8 {[%clk 00:00:33]} 25.
Rxf8+ {[%clk 00:25:44]} {[%emt 00:00:58]} Qxf8 {[%emt 00:01:06]} 26. Rf1 1-0